000 00686nam a2200205 i 4500
001 24419
003 ES-MaACL
005 20240516155818.0
007 t|
008 021217s1960 sp ||||1| spa d
245 0 0 _aAntología de cuentos policiacos /
_cselección, prólogo y notas de Javier Lasso de la Vega.
260 _aBarcelona, etc :
_bLabor,
_c1960.
300 _aLXXI, 1068 p. ;
_c23 cm.
490 1 _aGrandes Antologías "Labor"
650 4 _aCuentos policiacos.
_9165438
700 1 _aLasso de la Vega Jiménez-Placer, Javier,
_d1892-1990
_970478
830 0 _aGrandes Antologías "Labor"
_9180912
852 _aES-MaACL
_jC-17193
_bR.45596
999 _c24419
_d24419